| 000 | 00629nam a2200193 u 4500 | ||
|---|---|---|---|
| 005 | 20210223133709.0 | ||
| 008 | 181112s1981 mx r 000 0 spa d | ||
| 035 | _aUPN01000227769 | ||
| 049 | _aCG | ||
| 050 | 4 |
_aRC569.9 _bC6.5 |
|
| 111 | 2 |
_aCongreso Nacional sobre Deficiencia Mental _n(1o : _d1981 : _cMéxico) |
|
| 245 | 1 | 0 |
_aMemoria [del] 1er. Congreso nacional sobre deficiencia mental / _bcoord. Martha Ezcurra. |
| 260 |
_aMéxico : _bSEP, _c1981. |
||
| 300 |
_a387 p. : _bil., cuadros |
||
| 650 | 4 |
_aDEFICIENCIA MENTAL - _vCONGRESOS _913884 |
|
| 700 | 1 |
_aEzcurra, Martha, _ecoord. |
|
| 905 | _aLibro | ||
| 999 |
_c199864 _d199864 |
||